| 000 | 01048cam a2200217 4500 | ||
|---|---|---|---|
| 001 | WB@3612-263 | ||
| 008 | 041123n2004 000 0 eng u | ||
| 035 | _a(Sirsi) u128092 | ||
| 245 | _aSMEs struggle | ||
| 260 | _c2004 | ||
| 490 |
_aCBI News Release _v17 November 2004 (3) |
||
| 520 | _aSmaller manufacturers have seen total orders decline at the fastest rate for a year, with confidence falling for the first time in 12 months. The "CBI quarterly survey of small and medium-sized companies" reveals that recovery is proving elusive for the struggling sector. Export orders also fell at the fastest rate for 12 months, despite expectations of an increase. Firms now expect a further decline in export orders over the coming quarter. http://www.cbi.org.uk/ndbs/press.nsf/0363c1f07c6ca 12a8025671c00381cc7/78ef1f3b35220df680256f4d0040f6 88?OpenDocument | ||
| 590 | _aWB | ||
| 590 | _aWB | ||
| 650 | _aSMES | ||
| 650 | _aSTATISTICS | ||
| 650 | _aMANUFACTURING | ||
| 650 | _aEXPORT ORDERS | ||
| 690 | _aECONOMIC ISSUES | ||
| 942 | _n0 | ||
| 999 |
_c118357 _d118357 |
||